000 00520nam a2200169Ia 4500
003 GCL
008 140319s9999 xx 000 0 ara d
040 _aGCL /
_cGCL
082 0 4 _a414
_bم ع
100 1 _aمحمود سليمان ياقوت
245 1 0 _aعلم الجمال اللغوى: المعانى - البيان - البديع /
_cمحمود سليمان ياقوت
300 _aمتعدد
490 _a
650 0 4 _aاللغة العربية
650 0 4 _aالبلاغة العربية
942 _2ddc
_cBK
999 _c41384
_d41384